Cyclisme: Tous les coureurs cyclistes World Tour en 2023 - Statistiques

Statistiques générales
  • Ce quiz a été pris 1 450 fois
    1 398 depuis la dernière actualisation
  • Le résultat moyen est 127 sur 493
Statistiques - réponses
Equipe Coureur % Correct
Alpecin Deceuninck 🇳🇱 Mathieu van der Poel
83%
UAE Team Emirates 🇸🇮 Tadej Pogačar
81%
Movistar 🇪🇸 Enric/Lluís Mas
80%
Cofidis 🇫🇷 Guillaume Martin
80%
Soudal Quick-Step 🇫🇷 Julian Alaphilippe
80%
Jumbo-Visma 🇧🇪 Wout Van Aert
80%
Team DSM 🇫🇷 Romain Bardet
79%
Jumbo-Visma 🇩🇰 Jonas Vingegaard
78%
Groupama-FDJ 🇫🇷 David Gaudu
77%
Groupama-FDJ 🇫🇷 Thibaut Pinot
77%
Jumbo-Visma 🇸🇮 Primož Roglič
75%
Cofidis 🇫🇷 Benjamin Thomas
74%
INEOS Grenadiers 🇬🇧 Geraint Thomas
74%
Ag2r Citroën Team 🇦🇺 Ben O'Connor
71%
Alpecin Deceuninck 🇧🇪 Jasper Philipsen
71%
UAE Team Emirates 🇬🇧 Adam Yates
70%
Ag2r Citroën Team 🇦🇹 Felix Gall
70%
INEOS Grenadiers 🇨🇴 Egan Bernal
69%
Team Jayco AlUla 🇬🇧 Simon Yates
69%
Jumbo-Visma 🇫🇷 Christophe Laporte
68%
Groupama-FDJ 🇫🇷 Lenny Martinez
66%
Soudal Quick-Step 🇧🇪 Remco Evenepoel
66%
INEOS Grenadiers 🇨🇴 Daniel Martínez
65%
Groupama-FDJ 🇨🇭 Stefan Küng
64%
Astana Qazaqstan Team 🇬🇧 Mark Cavendish
63%
EF Education-EasyPost 🇪🇨 Richard Carapaz
63%
Jumbo-Visma 🇺🇸 Sepp Kuss
63%
Ag2r Citroën Team 🇫🇷 Benoît Cosnefroy
62%
Groupama-FDJ 🇫🇷 Arnaud Démare
60%
Intermarché-Circus-Wanty 🇪🇷 Biniam Girmay
60%
Soudal Quick-Step 🇩🇰 Casper Pedersen
60%
Trek-Segafredo 🇩🇰 Mads Pedersen
60%
Groupama-FDJ 🇫🇷 Valentin Madouas
60%
Astana Qazaqstan Team 🇰🇿 Alexey Lutsenko
59%
Team Jayco AlUla 🇳🇱 Jan Maas
59%
Ag2r Citroën Team 🇫🇷 Aurélien/Valentin Paret-Peintre
58%
Bahrain Victorious 🇸🇮 Matej Mohorič
58%
INEOS Grenadiers 🇬🇧 Tom Pidcock
57%
INEOS Grenadiers 🇪🇸 Carlos Rodriguez
56%
INEOS Grenadiers 🇮🇹 Filippo Ganna
56%
Bora-Hansgrohe 🇦🇺 Jai Hindley
56%
Bahrain Victorious 🇪🇸 Mikel Landa
56%
Movistar 🇪🇸 Óscar Rodríguez
56%
Ag2r Citroën Team 🇧🇪 Lawrence/Oliver Naesen
54%
Bora-Hansgrohe 🇷🇺 Aleksandr Vlasov
53%
Soudal Quick-Step 🇳🇱 Fabio Jakobsen
53%
Soudal Quick-Step 🇫🇷 Rémi Cavagna
53%
Jumbo-Visma 🇳🇱 Dylan van Baarle
51%
Soudal Quick-Step 🇩🇰 Kasper Asgreen
51%
INEOS Grenadiers 🇫🇷 Pavel Sivakov
51%
Soudal Quick-Step 🇫🇷 Florian Sénéchal
49%
Bahrain Victorious 🇪🇸 Pello Bilbao
49%
Ag2r Citroën Team 🇧🇪 Greg Van Avermaet
48%
UAE Team Emirates 🇵🇱 Rafał Majka
48%
Soudal Quick-Step 🇧🇪 Tim Merlier
48%
Bora-Hansgrohe 🇱🇺 Bob Jungels
47%
UAE Team Emirates 🇳🇿 George Bennett
47%
Movistar 🇪🇸 Gorka Izagirre
47%
Cofidis 🇪🇸 Ion Izagirre
47%
Bora-Hansgrohe 🇮🇪 Sam Bennett
47%
Cofidis 🇫🇷 Victor Lafay
47%
Cofidis 🇫🇷 Bryan Coquard
46%
UAE Team Emirates 🇵🇹 João Almeida
46%
EF Education-EasyPost 🇺🇸 Neilson Powless
46%
EF Education-EasyPost 🇨🇴 Rigoberto Urán
46%
Groupama-FDJ 🇫🇷 Romain Grégoire
46%
Jumbo-Visma 🇧🇪 Tiesj Benoot
46%
EF Education-EasyPost 🇩🇰 Magnus Cort
45%
INEOS Grenadiers 🇵🇱 Michał Kwiatkowski
45%
Groupama-FDJ 🇱🇺 Kevin Geniets
44%
Intermarché-Circus-Wanty 🇵🇹 Rui Costa
44%
Bahrain Victorious 🇹🇼 Sergio Tu
44%
Soudal Quick-Step 🇧🇪 Yves Lampaert
44%
Movistar 🇺🇸 Matteo Jorgenson
43%
Bahrain Victorious 🇨🇭 Gino Mäder
41%
UAE Team Emirates 🇪🇸 Juan Ayuso
41%
Intermarché-Circus-Wanty 🇫🇷 Adrien Petit
40%
EF Education-EasyPost 🇮🇹 Alberto Bettiol
40%
INEOS Grenadiers 🇪🇸 Jonathan Castroviejo
40%
Ag2r Citroën Team 🇫🇷 Nans Peters
40%
Jumbo-Visma 🇧🇪 Nathan Van Hooydonck
40%
Bora-Hansgrohe 🇩🇪 Nils Politt
40%
Jumbo-Visma 🇭🇺 Attila Valter
39%
Intermarché-Circus-Wanty 🇫🇷 Lilian Calmejane
39%
EF Education-EasyPost 🇨🇷 Andrey Amador
38%
Trek-Segafredo 🇪🇸 Juan Pedro López
38%
UAE Team Emirates 🇪🇸 Marc Soler
38%
Bora-Hansgrohe 🇩🇪 Emanuel Buchmann
37%
Trek-Segafredo 🇮🇹 Giulio Ciccone
37%
Trek-Segafredo 🇫🇷 Kenny Elissonde
37%
Intermarché-Circus-Wanty 🇿🇦 Louis Meintjes
37%
Soudal Quick-Step 🇩🇰 Michael Mørkøv
37%
Groupama-FDJ 🇦🇺 Michael Storer
37%
Bora-Hansgrohe 🇨🇴 Sergio Higuita
37%
Alpecin Deceuninck 🇩🇰 Søren Kragh Andersen
37%
Jumbo-Visma 🇳🇱 Wilco Kelderman
37%
Bahrain Victorious 🇯🇵 Yukiya Arashiro
37%
Groupama-FDJ 🇫🇷 Bruno Armirail
36%
Team Jayco AlUla 🇳🇱 Dylan Groenewegen
36%
Jumbo-Visma 🇮🇹 Edoardo Affini
36%
Jumbo-Visma 🇸🇮 Jan Tratnik
36%
Cofidis 🇪🇸 Jesús/José Herrada
36%
Trek-Segafredo 🇫🇷 Julien Bernard
36%
Ag2r Citroën Team 🇺🇸 Larry Warbasse
36%
Bahrain Victorious 🇳🇱 Wout Poels
36%
Ag2r Citroën Team 🇮🇹 Andrea Vendrame
35%
Cofidis 🇫🇷 Axel Zingle
35%
Ag2r Citroën Team 🇫🇷 Clément Berthet
35%
INEOS Grenadiers 🇮🇹 Elia Viviani
35%
Astana Qazaqstan Team 🇪🇸 Luis León Sánchez
35%
UAE Team Emirates 🇩🇰 Mikkel Bjerg
35%
Bahrain Victorious 🇨🇴 Santiago Buitrago
35%
Trek-Segafredo 🇫🇷 Tony Gallopin
35%
EF Education-EasyPost 🇮🇪 Ben Healy
34%
Astana Qazaqstan Team 🇳🇱 Cees Bol
34%
Ag2r Citroën Team 🇫🇷 Dorian Godon
34%
Groupama-FDJ 🇱🇹 Ignatas Konovalovas
34%
INEOS Grenadiers 🇧🇪 Laurens De Plus
34%
Bora-Hansgrohe 🇩🇪 Lennard Kämna
34%
UAE Team Emirates 🇨🇭 Marc Hirschi
34%
Trek-Segafredo 🇩🇰 Mattias Skjelmose
34%
Team Jayco AlUla 🇦🇺 Michael Matthews
34%
Bora-Hansgrohe 🇦🇹 Patrick Konrad
34%
Alpecin Deceuninck 🇨🇭 Silvan Dillier
34%
Intermarché-Circus-Wanty 🇳🇱 Boy van Poppel
33%
UAE Team Emirates 🇺🇸 Brandon McNulty
33%
Bora-Hansgrohe 🇳🇱 Danny van Poppel
33%
Alpecin Deceuninck 🇦🇺 Kaden Groves
33%
EF Education-EasyPost 🇨🇭 Stefan Bissegger
33%
Bahrain Victorious 🇮🇹 Damiano Caruso
32%
UAE Team Emirates 🇩🇪 Felix Groß
32%
Astana Qazaqstan Team 🇮🇹 Gianni Moscon
32%
Cofidis 🇬🇧 Harrison Wood
32%
UAE Team Emirates 🇵🇹 Ivo/Rui Oliveira
32%
Bahrain Victorious 🇦🇺 Jack Haig
32%
Soudal Quick-Step 🇨🇿 Jan Hirt
32%
Trek-Segafredo 🇧🇪 Jasper Stuyven
32%
UAE Team Emirates 🇦🇺 Jay Vine
32%
Team DSM 🇩🇪 John Degenkolb
32%
Soudal Quick-Step 🇮🇹 Mattia Cattaneo
32%
Ag2r Citroën Team 🇨🇭 Michael Schär
32%
Ag2r Citroën Team 🇫🇷 Mikaël Cherel
32%
Movistar 🇵🇹 Nélson Oliveira
32%
Jumbo-Visma 🇳🇱 Olav Kooij
32%
Groupama-FDJ 🇫🇷 Olivier Le Gac
32%
Groupama-FDJ 🇫🇷 Rudy Molard
32%
Ag2r Citroën Team 🇧🇪 Stan Dewulf
32%
INEOS Grenadiers 🇳🇱 Thymen Arensman
32%
Jumbo-Visma 🇳🇴 Tobias Foss
32%
Ag2r Citroën Team 🇫🇷 Clément Venturini
31%
Bahrain Victorious 🇬🇧 Fred Wright
31%
Ag2r Citroën Team 🇫🇮 Jaakko Hänninen
31%
Bahrain Victorious 🇮🇹 Jonathan Milan
31%
EF Education-EasyPost 🇳🇱 Julius/Marijn van den Berg
31%
Groupama-FDJ 🇳🇱 Lars van den Berg
31%
Bahrain Victorious 🇩🇪 Phil Bauhaus
31%
Jumbo-Visma 🇦🇺 Rohan Dennis
31%
Soudal Quick-Step 🇮🇹 Andrea Bagioli
30%
Cofidis 🇫🇷 Anthony Perez
30%
Bora-Hansgrohe 🇧🇪 Jordi Meeus
30%
INEOS Grenadiers 🇪🇸 Omar Fraile
30%
Intermarché-Circus-Wanty 🇪🇪 Rein Taaramäe
30%
Cofidis 🇩🇪 Simon Geschke
30%
INEOS Grenadiers 🇬🇧 Tao Geoghegan Hart
30%
INEOS Grenadiers 🇬🇧 Ben Turner
29%
Soudal Quick-Step 🇮🇹 Davide Ballerini
29%
EF Education-EasyPost 🇨🇴 Esteban Chaves
29%
INEOS Grenadiers 🇬🇧 Ethan/Leo Hayter
29%
UAE Team Emirates 🇦🇹 Felix Großschartner
29%
Ag2r Citroën Team 🇫🇷 Geoffrey Bouchard
29%
INEOS Grenadiers 🇺🇸 Magnus Sheffield
29%
Bora-Hansgrohe 🇦🇹 Marco Haller
29%
Bora-Hansgrohe 🇩🇪 Maximilian Schachmann
29%
UAE Team Emirates 🇩🇪 Pascal Ackermann
29%
Team Jayco AlUla 🇨🇿 Zdeněk Štybar
29%
Trek-Segafredo 🇳🇱 Bauke Mollema
28%
Intermarché-Circus-Wanty 🇫🇷 Hugo Page
28%
Soudal Quick-Step 🇧🇪 Ilan Van Wilder
28%
INEOS Grenadiers 🇪🇨 Jhonatan Narváez
28%
Groupama-FDJ 🇳🇿 Laurence Pithie
28%
UAE Team Emirates 🇮🇹 Matteo Trentin
28%
Groupama-FDJ 🇫🇷 Quentin Pacher
28%
Astana Qazaqstan Team 🇮🇹 Antonio Nibali
27%
INEOS Grenadiers 🇬🇧 Ben/Connor Swift
27%
Movistar 🇨🇴 Fernando Gaviria
27%
EF Education-EasyPost 🇬🇧 Hugh Carthy
27%
Ag2r Citroën Team 🇫🇷 Paul Lapeira
27%
Team DSM 🇦🇺 Chris Hamilton
26%
Movistar 🇦🇹 Gregor Mühlberger
26%
Groupama-FDJ 🇬🇧 Lewis Askey
26%
Team Jayco AlUla 🇦🇺 Lucas Hamilton
26%
INEOS Grenadiers 🇬🇧 Luke Rowe
26%
Bora-Hansgrohe 🇬🇧 Matthew Walls
26%
Alpecin Deceuninck 🇦🇹 Michael Gogl
26%
Soudal Quick-Step 🇧🇪 Tim Declercq
26%
Astana Qazaqstan Team 🇰🇿 Yevgeniy Fedorov
26%
Team Jayco AlUla 🇳🇿 Campbell Stewart
25%
Astana Qazaqstan Team 🇪🇸 David de la Cruz
25%
Soudal Quick-Step 🇧🇪 Dries Devenyns
25%
Intermarché-Circus-Wanty 🇩🇪 Georg Zimmermann
25%
Groupama-FDJ 🇬🇧 Jake Stewart
25%
Ag2r Citroën Team 🇫🇷 Marc Sarreau
25%
Trek-Segafredo 🇺🇸 Quinn Simmons
25%
Cofidis 🇮🇹 Simone Consonni
25%
UAE Team Emirates 🇧🇪 Tim Wellens
25%
EF Education-EasyPost 🇪🇨 Alexander Cepeda
24%
Team DSM 🇳🇴 Andreas Leknessund
24%
Team Jayco AlUla 🇦🇺 Callum Scotson
24%
Soudal Quick-Step 🇬🇧 Ethan Vernon
24%
Soudal Quick-Step 🇮🇹 Fausto Masnada
24%
Soudal Quick-Step 🇨🇿 Josef Černý
24%
INEOS Grenadiers 🇦🇺 Luke Plapp
24%
EF Education-EasyPost 🇺🇦 Mark Padun
24%
Groupama-FDJ 🇦🇺 Miles Scotson
24%
Alpecin Deceuninck 🇧🇪 Quinten Hermans
24%
Jumbo-Visma 🇳🇱 Robert Gesink
24%
Movistar 🇪🇸 Alex Aranburu
23%
Ag2r Citroën Team 🇫🇷 Alex Baudin
23%
Trek-Segafredo 🇱🇺 Alex Kirsch
23%
Team Jayco AlUla 🇦🇺 Chris Harper
23%
Movistar 🇨🇴 Einer Rubio
23%
Astana Qazaqstan Team 🇨🇴 Harold Tejada
23%
Astana Qazaqstan Team 🇪🇪 Martin Laas
23%
Groupama-FDJ 🇫🇷 Matthieu Ladagnous
23%
Soudal Quick-Step 🇨🇭 Mauro Schmid
23%
Groupama-FDJ 🇫🇷 Paul Penhoët
23%
Team DSM 🇫🇷 Romain Combaud
23%
Astana Qazaqstan Team 🇮🇹 Simone Velasco
23%
Jumbo-Visma 🇳🇱 Steven Kruijswijk
23%
Trek-Segafredo 🇱🇻 Toms Skujins
23%
INEOS Grenadiers 🇬🇧 Ben Tulett
22%
Movistar 🇪🇸 Carlos Verona
22%
Alpecin Deceuninck 🇧🇪 Dries De Bondt
22%
Trek-Segafredo 🇧🇪 Edward Theuns
22%
INEOS Grenadiers 🇬🇧 Joshua Tarling
22%
Cofidis 🇩🇪 Max Walscheid
22%
Intermarché-Circus-Wanty 🇳🇱 Mike Teunissen
22%
Alpecin Deceuninck 🇳🇱 Ramon Sinkeldam
22%
Movistar 🇵🇹 Ruben Guerreiro
22%
Team DSM 🇮🇹 Alberto Dainese
21%
Cofidis 🇫🇷 Alexis Renard
21%
Ag2r Citroën Team 🇫🇷 Bastien Tronchon
21%
UAE Team Emirates 🇮🇹 Diego Ulissi
21%
Ag2r Citroën Team 🇫🇷 Franck Bonnamour
21%
Bahrain Victorious 🇵🇱 Kamil Gradek
21%
Soudal Quick-Step 🇧🇪 Mauri Vansevenant
21%
Bahrain Victorious 🇩🇪 Nikias Arndt
21%
Groupama-FDJ 🇬🇧 Samuel Watson
21%
UAE Team Emirates 🇨🇴 Sebastián Molano
21%
UAE Team Emirates 🇳🇴 Vegard Stake Laengen
21%
Astana Qazaqstan Team 🇮🇹 Fabio Felline
20%
Team Jayco AlUla 🇮🇹 Filippo Zana
20%
Alpecin Deceuninck 🇧🇪 Gianni Vermeersch
20%
Soudal Quick-Step 🇬🇧 James Knox
20%
Team Jayco AlUla 🇺🇸 Lawson Craddock
20%
Groupama-FDJ 🇮🇹 Lorenzo Germani
20%
EF Education-EasyPost 🇩🇰 Mikkel Frølich Honoré
20%
Cofidis 🇧🇪 Piet Allegaert
20%
Astana Qazaqstan Team 🇮🇹 Samuele Battistella
20%
Alpecin Deceuninck 🇮🇹 Stefano Oldani
20%
Team Jayco AlUla 🇪🇹 Tsgabu Grmay
20%
Cofidis 🇮🇹 Davide Cimolai
19%
UAE Team Emirates 🇮🇹 Davide Formolo
19%
Astana Qazaqstan Team 🇰🇿 Dmitriy Gruzdev
19%
Movistar 🇪🇸 Iván García Cortina
19%
EF Education-EasyPost 🇪🇨 Jonathan Caicedo
19%
Intermarché-Circus-Wanty 🇮🇹 Lorenzo Rota
19%
Team Jayco AlUla 🇸🇮 Luka Mezgec
19%
Groupama-FDJ 🇳🇿 Reuben Thompson
19%
INEOS Grenadiers 🇮🇹 Salvatore Puccio
19%
EF Education-EasyPost 🇬🇧 Simon Carr
19%
Intermarché-Circus-Wanty 🇳🇴 Sven Erik Bystrøm
19%
Intermarché-Circus-Wanty 🇳🇱 Taco van der Hoorn
19%
Cofidis 🇫🇷 Thomas Champion
19%
Ag2r Citroën Team 🇫🇷 Valentin Retailleau
19%
Intermarché-Circus-Wanty 🇧🇪 Aimé De Gendt
18%
Bahrain Victorious 🇮🇹 Andrea Pasqualon
18%
Cofidis 🇵🇹 André Carvalho
18%
Astana Qazaqstan Team 🇰🇿 Andrey Zeits
18%
Ag2r Citroën Team 🇫🇷 Damien Touzé
18%
UAE Team Emirates 🇸🇮 Domen Novak
18%
Team Jayco AlUla 🇮🇪 Eddie Dunbar
18%
Groupama-FDJ 🇨🇭 Fabian Lienhard
18%
Movistar 🇨🇴 Iván Sosa
18%
UAE Team Emirates 🇸🇮 Jan Polanc
18%
Astana Qazaqstan Team 🇺🇸 Joe Dombrowski
18%
Jumbo-Visma 🇳🇱 Koen Bouwman
18%
Soudal Quick-Step 🇧🇪 Louis Vervaeke
18%
Ag2r Citroën Team 🇫🇷 Nicolas Prodhomme
18%
Cofidis 🇫🇷 Pierre-Luc Périchon
18%
Cofidis 🇫🇷 Rémy Rochas
18%
Jumbo-Visma 🇳🇱 Sam Oomen
18%
EF Education-EasyPost 🇿🇦 Stefan de Bod
18%
Alpecin Deceuninck 🇧🇪 Xandro Meurisse
18%
Intermarché-Circus-Wanty 🇧🇪 Baptiste Planckaert
17%
INEOS Grenadiers 🇦🇺 Cameron Wurf
17%
Bora-Hansgrohe 🇵🇱 Cesare Benedetti
17%
Alpecin Deceuninck 🇧🇪 Edward Planckaert
17%
Groupama-FDJ 🇫🇷 Enzo Paleni
17%
Intermarché-Circus-Wanty 🇧🇪 Gerben Thijssen
17%
Bora-Hansgrohe 🇮🇹 Giovanni Aleotti
17%
EF Education-EasyPost 🇬🇧 James Shaw
17%
Team DSM 🇺🇸 Kevin Vermaerke
17%
EF Education-EasyPost 🇪🇷 Merhawi Kudus
17%
Bora-Hansgrohe 🇩🇪 Nico Denz
17%
Ag2r Citroën Team 🇫🇷 Pierre Gautherat
17%
Soudal Quick-Step 🇧🇪 Pieter Serry
17%
Bora-Hansgrohe 🇮🇪 Ryan Mullen
17%
Team DSM 🇦🇺 Sam Welsford
17%
Jumbo-Visma 🇬🇧 Thomas Gloag
17%
Alpecin Deceuninck 🇦🇹 Tobias Bayer
17%
Bora-Hansgrohe 🇫🇷 Victor Koretzky
17%
Astana Qazaqstan Team 🇧🇾 Alexandr Riabushenko
16%
Ag2r Citroën Team 🇫🇷 Antoine Raugel
16%
Groupama-FDJ 🇳🇱 Bram Welten
16%
INEOS Grenadiers 🇨🇴 Brandon Rivera
16%
Team Jayco AlUla 🇩🇰 Christopher Juul-Jensen
16%
Bora-Hansgrohe 🇧🇪 Cian Uijtdebroeks
16%
Bahrain Victorious 🇦🇺 Heinrich Haussler
16%
Movistar 🇨🇭 Johan Jacobs
16%
Jumbo-Visma 🇳🇱 Jos van Emden
16%
INEOS Grenadiers 🇩🇪 Kim Heiduk
16%
Alpecin Deceuninck 🇮🇹 Kristian Sbaragli
16%
Intermarché-Circus-Wanty 🇧🇪 Laurenz Rex
16%
Team Jayco AlUla 🇦🇺 Luke Durbridge
16%
Astana Qazaqstan Team 🇮🇹 Manuele Boaro
16%
Bora-Hansgrohe 🇮🇹 Matteo Fabbro
16%
Team Jayco AlUla 🇮🇹 Matteo Sobrero
16%
INEOS Grenadiers 🇨🇦 Michael Leonard
16%
Alpecin Deceuninck 🇮🇹 Nicola Conci
16%
Cofidis 🇪🇸 Rubén Fernández
16%
Movistar 🇪🇸 Antonio Pedrero
15%
Trek-Segafredo 🇮🇹 Antonio Tiberi
15%
Groupama-FDJ 🇫🇷 Clément Davy
15%
Intermarché-Circus-Wanty 🇳🇿 Dion Smith
15%
Bahrain Victorious 🇮🇹 Edoardo Zambanini
15%
UAE Team Emirates 🇳🇿 Finn Fisher-Black
15%
Cofidis 🇫🇷 François Bidard
15%
Astana Qazaqstan Team 🇪🇸 Javier Romo
15%
Alpecin Deceuninck 🇧🇪 Jonas Rickaert
15%
Cofidis 🇪🇸 Jonathan Lastra
15%
Movistar 🇪🇸 José Joaquín Rojas
15%
Intermarché-Circus-Wanty 🇧🇪 Kobe Goossens
15%
Astana Qazaqstan Team 🇮🇹 Leonardo Basso
15%
Team DSM 🇬🇧 Max Poole
15%
EF Education-EasyPost 🇳🇴 Odd Christian Eiking
15%
Movistar 🇪🇸 Oier Lazkano
15%
EF Education-EasyPost 🇬🇧 Owain Doull
15%
Alpecin Deceuninck 🇦🇺 Robert Stannard
15%
Bora-Hansgrohe 🇦🇺 Shane Archbold
15%
Astana Qazaqstan Team 🇰🇿 Yevgeniy Gidich
15%
Bahrain Victorious 🇧🇭 Ahmed Madan
14%
UAE Team Emirates 🇮🇹 Alessandro Covi
14%
EF Education-EasyPost 🇨🇴 Diego Camargo
14%
Cofidis 🇫🇷 Eddy Finé
14%
Bahrain Victorious 🇦🇹 Hermann Pernsteiner
14%
Movistar 🇪🇸 Imanol Erviti
14%
Bahrain Victorious 🇩🇪 Jasha Sütterlin
14%
EF Education-EasyPost 🇩🇪 Jonas Rutsch
14%
Bahrain Victorious 🇸🇮 Matevž Govekar
14%
Trek-Segafredo 🇨🇿 Mathias Vacek
14%
Jumbo-Visma 🇳🇱 Mick/Tim van Dijke
14%
Bora-Hansgrohe 🇦🇹 Patrick Gamper
14%
UAE Team Emirates 🇿🇦 Ryan Gibbons
14%
EF Education-EasyPost 🇺🇸 Sean Quinn
14%
Jumbo-Visma 🇧🇪 Tosh Van der Sande
14%
Movistar 🇺🇸 Will Barta
14%
Movistar 🇵🇷 Abner González
13%
Alpecin Deceuninck 🇩🇪 Alexander Krieger
13%
UAE Team Emirates 🇨🇴 Álvaro Hodeg
13%
Trek-Segafredo 🇳🇱 Daan Hoole
13%
Trek-Segafredo 🇱🇻 Emīls Liepiņš
13%
Cofidis 🇫🇷 Hugo Toumire
13%
Movistar 🇪🇸 Jorge Arcas
13%
Movistar 🇩🇰 Mathias Norsgaard
13%
Team DSM 🇬🇧 Oscar Onley
13%
Intermarché-Circus-Wanty 🇮🇹 Simone Petilli
13%
Astana Qazaqstan Team 🇰🇿 Vadim Pronskiy
13%
Cofidis 🇳🇱 Wesley Kreder
13%
Team Jayco AlUla 🇨🇭 Alexandre Balmer
12%
Cofidis 🇫🇷 Alexandre Delettre
12%
Team Jayco AlUla 🇳🇴 Amund Grøndahl Jansen
12%
EF Education-EasyPost 🇮🇹 Andrea Piccolo
12%
Soudal Quick-Step 🇧🇪 Bert Van Lerberghe
12%
Cofidis 🇧🇪 Jelle Wallays
12%
Jumbo-Visma 🇩🇪 Michel Hessmann
12%
Jumbo-Visma 🇳🇱 Milan Vader
12%
Alpecin Deceuninck 🇳🇿 Samuel Gaze
12%
Movistar 🇪🇸 Sergio Samitier
12%
Jumbo-Visma 🇳🇱 Timo Roosen
12%
Team Jayco AlUla 🇮🇹 Alessandro De Marchi
11%
Bahrain Victorious 🇵🇱 Filip Maciejuk
11%
Astana Qazaqstan Team 🇰🇿 Gleb Brussenskiy
11%
Bora-Hansgrohe 🇳🇱 Ide Schelling
11%
Alpecin Deceuninck 🇩🇪 Jason Osborne
11%
Bora-Hansgrohe 🇩🇪 Jonas Koch
11%
Intermarché-Circus-Wanty 🇧🇪 Laurens Huys
11%
Team Jayco AlUla 🇦🇹 Lukas Pöstlberger
11%
Team DSM 🇳🇱 Martijn Tusveld
11%
Alpecin Deceuninck 🇩🇪 Maurice Ballerstedt
11%
Movistar 🇩🇪 Max Kanter
11%
UAE Team Emirates 🇳🇿 Michael Vink
11%
Intermarché-Circus-Wanty 🇮🇹 Niccolò Bonifazio
11%
Team DSM 🇳🇱 Nils Eekhoff
11%
Alpecin Deceuninck 🇳🇱 Oscar Riesebeek
11%
Team DSM 🇳🇿 Patrick Bevin
11%
Movistar 🇧🇷 Vinicius Rangel
11%
Team DSM 🇦🇺 Alexander Edmondson
10%
Bora-Hansgrohe 🇩🇪 Anton Palzer
10%
Intermarché-Circus-Wanty 🇧🇪 Arne Marit
10%
Bora-Hansgrohe 🇩🇰 Frederik Wandahl
10%
EF Education-EasyPost 🇩🇪 Georg Steinhauser
10%
Soudal Quick-Step 🇩🇪 Jannik Steimle
10%
EF Education-EasyPost 🇧🇪 Jens Keukeleire
10%
Alpecin Deceuninck 🇧🇪 Jimmy Janssens
10%
Trek-Segafredo 🇪🇸 Jon Aberasturi
10%
Intermarché-Circus-Wanty 🇧🇪 Loïc Vliegen
10%
Team DSM 🇮🇹 Lorenzo Milesi
10%
EF Education-EasyPost 🇵🇱 Łukasz Wiśniowski
10%
Intermarché-Circus-Wanty 🇪🇪 Madis Mihkels
10%
Team DSM 🇩🇪 Marius Mayrhofer
10%
Team DSM 🇦🇺 Matthew Dinham
10%
Team Jayco AlUla 🇦🇺 Michael Hepburn
10%
Team DSM 🇨🇿 Pavel Bittner
10%
Alpecin Deceuninck 🇧🇪 Senne Leysen
10%
UAE Team Emirates 🇳🇱 Sjoerd Bax
10%
Astana Qazaqstan Team 🇰🇿 Yuriy Natarov
10%
Movistar 🇪🇸 Albert Torres
9%
Astana Qazaqstan Team 🇮🇹 Christian Scaroni
9%
Cofidis 🇧🇪 Christophe Noppe
9%
Trek-Segafredo 🇮🇹 Dario Cataldo
9%
Astana Qazaqstan Team 🇮🇹 Davide Martinelli
9%
Bora-Hansgrohe 🇩🇪 Florian Lipowitz
9%
Jumbo-Visma 🇳🇱 Gijs Leemreize
9%
Alpecin Deceuninck 🇮🇹 Jakub Mareczko
9%
Alpecin Deceuninck 🇦🇺 Jensen Plowright
9%
Soudal Quick-Step 🇸🇰 Martin Svrček
9%
Trek-Segafredo 🇪🇷 Natnael Tesfatsion
9%
Trek-Segafredo 🇧🇪 Thibau Nys
9%
Intermarché-Circus-Wanty 🇧🇪 Tom Paquot
9%
Cofidis 🇫🇷 Axel Mariault
8%
Bahrain Victorious 🇦🇺 Cameron Scott
8%
Bahrain Victorious 🇭🇷 Dušan Rajović
8%
Team Jayco AlUla 🇳🇱 Elmar Reinders
8%
Trek-Segafredo 🇮🇹 Filippo Baroncini
8%
Astana Qazaqstan Team 🇮🇹 Gianmarco Garofoli
8%
Astana Qazaqstan Team 🇷🇺 Gleb Syritsa
8%
Movistar 🇪🇸 Gonzalo Serrano
8%
Team DSM 🇧🇪 Harm Vanhoucke
8%
Bahrain Victorious 🇳🇴 Johan Price-Pejtersen
8%
Intermarché-Circus-Wanty 🇩🇰 Julius Johansen
8%
Movistar 🇩🇪 Juri Hollmann
8%
EF Education-EasyPost 🇦🇺 Lachlan Morton
8%
Jumbo-Visma 🇳🇱 Lennard Hofstede
8%
Alpecin Deceuninck 🇧🇪 Lionel Taminiaux
8%
Bora-Hansgrohe 🇩🇪 Luis-Joe Lührs
8%
Team DSM 🇩🇪 Marco Brenner
8%
Trek-Segafredo 🇧🇪 Otto Vergaerde
8%
Bahrain Victorious 🇦🇹 Rainer Kepplinger
8%
Alpecin Deceuninck 🇧🇪 Robbe Ghys
8%
Soudal Quick-Step 🇧🇪 Stan Van Tricht
8%
EF Education-EasyPost 🇦🇺 Thomas Scully
8%
Team DSM 🇩🇰 Tobias Lund Andresen
8%
Bora-Hansgrohe 🇩🇪 Ben Zwiehoff
7%
Team DSM 🇳🇱 Casper van Uden
7%
Alpecin Deceuninck 🇧🇪 Fabio Van Den Bossche
7%
Team DSM 🇩🇪 Florian Stork
7%
Bahrain Victorious 🇭🇷 Fran Miholjević
7%
Trek-Segafredo 🇮🇹 Jacopo Mosca
7%
Team Jayco AlUla 🇪🇸 Jesús David Peña
7%
Intermarché-Circus-Wanty 🇧🇪 Rune Herregodts
7%
Trek-Segafredo 🇳🇱 Antwan Tolhoek
6%
Trek-Segafredo 🇩🇰 Asbjørn Hellemose
6%
Intermarché-Circus-Wanty 🇧🇪 Dries De Pooter
6%
Team DSM 🇧🇪 Henri Vandenabeele
6%
Astana Qazaqstan Team 🇰🇿 Igor Chzhan
6%
Team DSM 🇳🇴 Jonas Iversby Hvideberg
6%
Team Jayco AlUla 🇮🇹 Kevin Colleoni
6%
Trek-Segafredo 🇪🇸 Marc Brustenga
6%
Trek-Segafredo 🇳🇴 Markus Hoelgaard
6%
Team Jayco AlUla 🇪🇹 Hagos Welay Berhe
5%
Movistar 🇪🇸 Iván Romeo
5%
Team Jayco AlUla 🇦🇺 Kelland O'Brien
5%
Trek-Segafredo 🇪🇷 Amanuel Gebreigzabhier
4%
Team DSM 🇩🇪 Niklas Märkl
4%
Astana Qazaqstan Team 🇰🇿 Nurbergen Nurlykhassym
4%
Team Jayco AlUla 🇦🇺 Rudy Porter
4%
Team DSM 🇬🇧 Sean Flynn
4%
Team DSM 🇳🇱 Tim Naberman
4%
Team Jayco AlUla 🇦🇺 Blake Quick
3%
Team Jayco AlUla 🇩🇪 Felix Engelhardt
3%
Team DSM 🇩🇰 Frederik Rodenberg
3%
Team DSM 🇩🇪 Leon Heinschke
2%
Aucun quiz correspondant
Distribution des résultats
% des personnes avec chaque résultat
Percentile par nombre de réponses
Votre historique - résultats
Vous n’avez pas pris ce quiz depuis la dernière actualisation